Sobre el autoritarismo brasileño /

Detalles Bibliográficos
Autor principal: Schwarcz, Lilia Moritz (Autor)
Otros Autores: Croce, Marcela (Traductor)
Formato: Electrónico eBook
Lenguaje:español
portugués
Publicado: Villa María, Córdoba, Argentina : Eduvim, 2022.
Colección:Proyectos especiales (Editorial Eduvim (Firm))
Materias:
Acceso en línea:Digitalia Hispánica

MARC

LEADER 00000nam a2200000Ii 4500
001 DIGEDUV0316
003 NyNyDIG
006 m o d
007 cr |||||||||||
008 240901s2022 ag a ob 000 0 spa d
035 |a (OCoLC)1454786151 
040 |a DGITA  |b eng  |e rda  |e pn  |c DGITA 
020 |a 9789876997171  |q eBook 
020 |z 9789876997102 
041 1 |a spa  |h por 
050 1 4 |a F2521 ebook 
100 1 |a Schwarcz, Lilia Moritz,  |e author. 
240 1 0 |a Sobre o autoritarismo brasileiro.  |l Spanish  |s (Croce) 
245 1 0 |a Sobre el autoritarismo brasileño /  |c Lilia Moritz Schwarcz ; traducción de Marcela Croce. 
264 1 |a Villa María, Córdoba, Argentina :  |b Eduvim,  |c 2022. 
300 |a 1 online resource :  |b illustrations. 
336 |a text  |b txt  |2 rdacontent 
337 |a computer  |b c  |2 rdamedia 
338 |a online resource  |b cr  |2 rdacarrier 
347 |a text file  |2 rdaft 
347 |b EPUB 
504 |a Includes bibliographical references. 
588 0 |a Online resource; title from ePub title page (Digitalia, viewed September 1, 2024) 
650 0 |a Authoritarianism  |z Brazil  |x History. 
650 0 |a Social problems  |z Brazil. 
651 0 |a Brazil  |x History. 
700 1 |a Croce, Marcela,  |e translator. 
700 1 |i Translation of:  |a Schwarcz, Lilia Moritz.  |t Sobre o autoritarismo brasileiro. 
776 0 8 |i Print version:  |a Schwarcz, Lilia Moritz.  |s Sobre o autoritarismo brasileiro. Spanish (Croce).  |t Sobre el autoritarismo brasileño.  |d Villa María, Córdoba, Argentina : Eduvim, 2022  |z 9789876997102 
791 2 |a Digitalia (Firm),  |e distributor. 
793 0 |g Digitalia eBook Collection:  |a Ediciones Eduvim 
830 0 |a Proyectos especiales (Editorial Eduvim (Firm)) 
856 4 0 |3 Digitalia Hispánica  |u https://www.digitaliapublishing.com/a/158329/ 
910 |a Premium collection: 2024